相互接壤的人口密度高的地级行政区 - Statistics

General Stats
  • This quiz has been taken 33 times
    31 since last reset
  • The average score is 55 of 61
Answer Stats
省级行政区 地级行政区 % Correct
广东省 东莞市
100%
广东省 佛山市
100%
广东省 广州市
100%
浙江省 杭州市
100%
浙江省 湖州市
100%
浙江省 嘉兴市
100%
河南省 开封市
100%
浙江省 宁波市
100%
广东省 深圳市
100%
河南省 郑州市
100%
广东省 中山市
100%
广东省 珠海市
100%
河南省 安阳市
96%
江苏省 常州市
96%
广东省 惠州市
96%
山东省 济南市
96%
江苏省 南京市
96%
山东省 青岛市
96%
浙江省 绍兴市
96%
江苏省 苏州市
96%
浙江省 台州市
96%
江苏省 泰州市
96%
浙江省 温州市
96%
江苏省 无锡市
96%
河南省 新乡市
96%
山东省 枣庄市
96%
江苏省 镇江市
96%
河南省 鹤壁市
91%
山东省 济宁市
91%
河南省 焦作市
91%
河南省 漯河市
91%
江苏省 南通市
91%
河南省 平顶山市
91%
河南省 濮阳市
91%
山东省 潍坊市
91%
江苏省 徐州市
91%
河南省 许昌市
91%
河南省 周口市
91%
山东省 淄博市
91%
福建省 福州市
87%
河北省 邯郸市
87%
山东省 菏泽市
87%
山东省 聊城市
87%
山东省 临沂市
87%
福建省 泉州市
87%
福建省 厦门市
87%
河南省 商丘市
87%
山东省 泰安市
87%
江苏省 扬州市
87%
四川省 成都市
83%
安徽省 阜阳市
83%
湖北省 武汉市
83%
安徽省 淮北市
78%
广东省 汕头市
78%
广东省 潮州市
74%
四川省 德阳市
74%
湖北省 鄂州市
74%
湖北省 黄石市
74%
广东省 揭阳市
74%
福建省 莆田市
74%
广东省 汕尾市
74%
No matching quizzes found
Score Distribution
Percent of People with Each Score
Percentile by Number Answered
Your Score History
You have not taken this quiz since the last reset